Central Library and Information Centre
Sibsagar Girls' College, Sivasagar : Assam
Normal view MARC view

Entry Personal Name

Number of records used in: 3

001 - CONTROL NUMBER

  • control field: 929

003 - CONTROL NUMBER IDENTIFIER

  • control field: OSt

005 - DATE AND TIME OF LATEST TRANSACTION

  • control field: 20251017071239.0

008 - FIXED-LENGTH DATA ELEMENTS

  • fixed length control field: 251017|| aca||aabn | a|a d

040 ## - CATALOGING SOURCE

  • Original cataloging agency: OSt
  • Transcribing agency: OSt

100 ## - HEADING--PERSONAL NAME

  • Personal name: GOGOI DR. LILA

670 ## - SOURCE DATA FOUND

  • Source citation: Work cat.: (OSt)31969: GOGOI DR. LILA, BIHUGEET ARU BANGHOSHA, NOVEMBER,2008


Sibsagar Girl's College © 2020. All rights reserved.
Powered by Koha.
Maintained by Abhijit Borpuzari.